1596 1866 1717 1601 1996 1507 1319 1915 1414 1588 1035 1465 1277 1709 1984 1212 1249 1526 1210 1021 1371 1734 1590 1216 1096 1845 1435 1499 1421 1663 1535 1984 1954 1751 1638 1369 1299 1699 1750 1894 1720 1978 1048 1869 1685 1874 1406 1003 1367 1523 1525 1013 1995 1715 1628 1590 1346 1503 1044 1865 1903 1949 1596 1668 1706 1969 1082 1055 1696 1821 1378 1672 1979 1119 1547 1752 1723 1758 1652 1282 1617 1587 1233 1776 1412 1252 1007 1514 1099 1008 1618 1095 1460 1659 1279 1469 1193 1596 1699 BCNSPRNW ULIB Ver.6.0+V

เปลี่ยนเป็นภาษาไทย

Change to English
 แสดงรายละเอียดบรรณานุกรม
  กลับหน้าหลัก

Brief Record : Get Marc (ISO 2709) : E-mail record : QR code < ปิดหน้าต่าง
LEADER : 00000nas 2200000uu 4500
001    13399123144
003     ULIB
008    140403s||||||||th 000 0 tha d
022    ^a16865081
110    ^aวิทยาลัยพยาบาลพระจอมเกล้า เพชรบุรี
245    ^aวารสารการพยาบาลและกระทรวงสาธารณสุข ^nวิทยาลัยเครือข่ายภาคกลาง 2/^cวิทยาลัยพยาบาลพระจอมเกล้า เพชรบุรี
260    ^aเพชรบุรี :^bวิทยาลัยพยาบาลพระจอมเกล้า เพชรบุรี,^cม.ป.ป.
310    ^aราย 6 เดือน
850 ^a ULIB^bปีที่ 10 ฉบับที่ 1 ;ปีที่ 11 ฉบับที่ 1 ฉ.1
945    ^p0^l0^i902138
945    ^p0^l0^i903406
999    ^aเกษร โพธิ์สุวรรณ
รายการนี้ยังไม่มีแท็ก
คุณยังไม่ได้ล็อกอิน คุณสามารถมีกิจกรรมร่วมกับเว็บไซต์ได้ แต่ต้องล็อกอินก่อน ::
  ล็อกอิน

รายการสื่อสารสนเทศ (วารสาร)

ดูแบบ: กล่อง รายการ
ARRIVED
ปีที่ 10 ฉบับที่ 1
สถานที่: ห้องสมุดวิทยาเขตสวรรค์ประชารักษ์ >วารสาร
ARRIVED
ปีที่ 11 ฉบับที่ 1 ฉ.1
สถานที่: ห้องสมุดวิทยาเขตสวรรค์ประชารักษ์ >วารสาร

BibComment


ยังไม่เคยถูกคอมเมนท์

คอมเมนท์ทรัพยากรรายการนี้
  คอมเมนท์: วารสารการพยาบาลแ..


 Copyright 2026. Bcnsprnw @Library